Homero y la realidad histórica

Saved in:
Bibliografiske detaljer
Hovedforfatter: Pareti, Luigi (autor)
Format: Bog
Sprog:spansk
Udgivet: Ciudad de México UTEHA 1961
Serier:Manuales UTEHA, 106
Fag:
Tags: Tilføj Tag
Ingen Tags, Vær først til at tagge denne postø!

MARC

LEADER 00000cam a2200000 a 4500
001 UCQ2716
003 CL-VaPUC
008 980724e19610000MX |||||||||||||||||spa|d
082 0 4 |a 883.09  |b PAR  |2 21 
100 |a Pareti, Luigi  |e autor  |9 416763 
245 1 0 |a Homero y la realidad histórica 
300 |a 121 p 
942 |c BK 
945 |d 19980724 00:00:00  |a mvenant 
260 |a Ciudad de México  |b UTEHA  |c 1961 
600 0 |a Homero   |e autor  |9 265577 
650 7 |a LITERATURA GRIEGA  |2 CL-VaPUC  |9 258054 
650 0 |a Historia y crítica   |9 257407 
650 0 |a Crítica literaria   |9 269189 
650 0 |a Crítica e interpretación   |9 255042 
583 |a last modification  |c 20130827 07:59:21  |k Rodrigo Vera 
490 0 |a Manuales UTEHA, 106 
999 |c 273487  |d 273485 
952 |0 0  |1 0  |4 0  |6 883_090000000000000_PAR_1961  |7 0  |8 A  |9 309071  |a BIBHIS  |b BIBHIS  |d 2019-11-20  |i 3448355  |o 883.09 PAR 1961  |p 3448355  |r 2025-01-20  |w 2019-11-20  |y BK  |k HIS 
952 |0 0  |1 0  |3 erb  |4 0  |6 883_090000000000000_PAR_1961  |7 0  |8 A  |9 309072  |a BIBHIS  |b BIBHIS  |d 2019-11-20  |i 5002346  |o 883.09 PAR 1961  |p 5002346  |r 2025-01-20  |w 2019-11-20  |y BK  |z Catalogado en:20130829  |k HIS